00814nam a2200217 a 450000100060000000300080000600500170001400800410003103500190007204000230009104100080011408200310012211000220015324500980017526000650027330000240033865000550036294200120041799900170042995201500044673157BD-RjUL20211209082345.0170528s1954 pk l f000 0 eng d a(BD-RjUL)73375 aVALcVALdDLCbeng aeng 223a346.54910488bPAT 19541 aPakistan.921640914aThe Trade Marks Act, 1940 (V of 1940) :b(as modified up to the 11th March,1954) /cPakistan. aKarachi :bManager of Publications, Govt. of Pakistan,c1954 aiv, 39 p. ;c28 cm. 0aTrademarksxLaw and legislationzPakistan.9216406 2ddccBK c73157d73157 00102ddc40718NFICaRUCLbRUCLcReadingd1955-11-30eCommercial Pak.g1.80l0o346.54910488 PAT 1954r2017-05-28 00:00:00tC-1w2017-05-28yBK